[Event "9. Copenhagen Open Politiken Cup"]
[Site "Copenhagen"]
[Date "1987.??.??"]
[Round "9"]
[White "Jansa, Vlastimil"]
[Black "Kristensen, Kaare Hove"]
[Result "1-0"]
[WhiteElo "2465"]
[BlackElo "2330"]
[PlyCount "87"]
[EventDate "1987.??.??"]
[EventType "swiss"]
[EventRounds "10"]
[EventCountry "DEN"]
[SourceDate "2004.01.01"]

1. e4 c5 2. g3 d5 3. exd5 Qxd5 4. Nf3 Bg4 5. Bg2 Nc6 6. h3 Bh5 7. O-O Nf6 8. d3
Qd7 9. Nbd2 e6 10. Nc4 Rc8 11. a4 Be7 12. g4 Bg6 13. Bf4 Nd5 14. Bg3 f6 15. Re1
O-O 16. c3 Bf7 17. Qe2 Rfe8 18. Rad1 e5 19. g5 Bf8 20. gxf6 gxf6 21. Nh4 Bg7
22. Be4 Nde7 23. Ne3 Bg6 24. Qg4 Qxg4 25. hxg4 Rcd8 26. Kg2 Bf7 27. Nhf5 Nxf5
28. Nxf5 Bb3 29. Rc1 Bxa4 30. Rh1 Rd7 31. Ne3 Bh8 32. Rh5 Bb3 33. Rch1 Ree7 34.
Nf5 Re8 35. c4 Nb4 36. Ne3 Nxd3 37. Bxh7+ Rxh7 38. Rxh7 Bg7 39. Nf5 Bf8 40.
Rh8+ Kf7 41. R1h7+ Ke6 42. Ng7+ Bxg7 43. Rxe8+ Kf7 44. Rd8 1-0

[Event "9. Copenhagen Open Politiken Cup"]
[Site "Copenhagen"]
[Date "1987.??.??"]
[Round "9"]
[White "Mortensen, Erling"]
[Black "Horvath, Tamas"]
[Result "1/2-1/2"]
[WhiteElo "2440"]
[BlackElo "2395"]
[PlyCount "77"]
[EventDate "1987.??.??"]
[EventType "swiss"]
[EventRounds "10"]
[EventCountry "DEN"]
[SourceDate "2004.01.01"]

1. e4 c5 2. Nf3 e6 3. b3 Nf6 4. e5 Nd5 5. c4 Nb4 6. a3 N4c6 7. Bb2 Be7 8. Nc3
d6 9. exd6 Bxd6 10. Ne4 e5 11. b4 Bf5 12. Nxc5 Bxc5 13. bxc5 Nd7 14. d4 exd4
15. Nxd4 Qa5+ 16. Qd2 Qxd2+ 17. Kxd2 Nxd4 18. Bxd4 O-O 19. Bd3 Bxd3 20. Kxd3
Rfd8 21. Kc3 Rac8 22. Rab1 Rc7 23. Rhd1 Rdc8 24. Rb4 Kf8 25. Be3 Nxc5 26. Bxc5+
Rxc5 27. Rd7 b5 28. Rxa7 Rxc4+ 29. Rxc4 Rxc4+ 30. Kd3 Rc1 31. g4 Rh1 32. Ra8+
Ke7 33. Ra7+ Kf6 34. f4 Rxh2 35. Ra6+ Ke7 36. Ke4 h5 37. Ra7+ Ke8 38. Ra8+ Ke7
39. Ra7+ 1/2-1/2

[Event "9. Copenhagen Open Politiken Cup"]
[Site "Copenhagen"]
[Date "1987.??.??"]
[Round "9"]
[White "Nielsen, Jorgen G"]
[Black "Way, J."]
[Result "1-0"]
[WhiteElo "2245"]
[BlackElo "2300"]
[PlyCount "81"]
[EventDate "1987.??.??"]
[EventType "swiss"]
[EventRounds "10"]
[EventCountry "DEN"]
[SourceDate "2004.01.01"]

1. c4 e6 2. Nf3 Nf6 3. g3 b6 4. Bg2 Bb7 5. O-O Be7 6. Nc3 O-O 7. d4 Ne4 8. Qc2
Nxc3 9. Qxc3 f5 10. b3 Bf6 11. Bb2 d6 12. Ne1 Bxg2 13. Nxg2 Nc6 14. Qd3 Qd7 15.
Rad1 Rae8 16. e4 g6 17. Rfe1 Qg7 18. f4 fxe4 19. Rxe4 Nd8 20. Re2 c5 21. Qd2
Nc6 22. dxc5 Bxb2 23. Qxb2 Qxb2 24. Rxb2 dxc5 25. Ne3 h5 26. Kg2 Nd4 27. Rbd2
e5 28. fxe5 Rxe5 29. Nd5 Kg7 30. Rf1 Rxf1 31. Kxf1 g5 32. Kf2 Kh6 33. h3 g4 34.
h4 Rf5+ 35. Nf4 Nf3 36. Rd5 Rxd5 37. cxd5 Ne5 38. Ke3 Kg7 39. Ke4 Nd7 40. Kf5
Nf6 41. Ke6 1-0

[Event "9. Copenhagen Open Politiken Cup"]
[Site "Copenhagen"]
[Date "1987.??.??"]
[Round "9"]
[White "Plachetka, Jan"]
[Black "Karlsson, Lars"]
[Result "0-1"]
[WhiteElo "2435"]
[BlackElo "2480"]
[PlyCount "80"]
[EventDate "1987.??.??"]
[EventType "swiss"]
[EventRounds "10"]
[EventCountry "DEN"]
[SourceDate "2004.01.01"]

1. e4 e6 2. d4 d5 3. Nc3 Bb4 4. e5 Qd7 5. Qg4 Bf8 6. h4 Nc6 7. Be3 b6 8. O-O-O
Bb7 9. Kb1 Na5 10. Nh3 O-O-O 11. Nf4 Kb8 12. Be2 Nh6 13. Qh3 Nf5 14. Bc1 c5 15.
dxc5 bxc5 16. Bb5 Qc8 17. Nce2 h5 18. Ng3 Nd4 19. Ba4 g6 20. Nfe2 Bc6 21. Bxc6
Ndxc6 22. Bg5 Rd7 23. Bf6 Rg8 24. Nf1 Qa6 25. Nf4 Nc4 26. Nd2 Nxd2+ 27. Rxd2
Bh6 28. Qe3 d4 29. Qf3 Nb4 30. a3 Bxf4 31. Qxf4 Nd5 32. Qf3 Rb7 33. Ka1 Rc8 34.
Rdd1 Nc3 35. Rde1 Qb5 36. Qxb7+ Kxb7 37. bxc3 Qa4 38. Rb1+ Ka8 39. Rb3 c4 40.
Rb4 Qxa3+ 0-1

[Event "9. Copenhagen Open Politiken Cup"]
[Site "Copenhagen"]
[Date "1987.??.??"]
[Round "9"]
[White "Poulsen, Allan"]
[Black "Agustsson, Johannes"]
[Result "0-1"]
[WhiteElo "2330"]
[BlackElo "2275"]
[PlyCount "106"]
[EventDate "1987.??.??"]
[EventType "swiss"]
[EventRounds "10"]
[EventCountry "DEN"]
[SourceDate "2004.01.01"]

1. e4 Nc6 2. Nc3 e6 3. d4 d5 4. Nf3 Bb4 5. e5 Nge7 6. a3 Bxc3+ 7. bxc3 b6 8.
Bd3 Bb7 9. h4 Qd7 10. h5 h6 11. Rh3 O-O-O 12. Qe2 Na5 13. a4 Qc6 14. Bd2 Nc4
15. Rg3 Rdg8 16. Nh4 Kb8 17. Bc1 Bc8 18. Kd1 a5 19. Rf3 Rf8 20. Rf4 f6 21. Rg4
fxe5 22. Rxg7 Nf5 23. Nxf5 exf5 24. dxe5 Rhg8 25. Rxg8 Rxg8 26. f3 Qc5 27. Bxh6
Rh8 28. Bf4 Rxh5 29. Qe1 Be6 30. Rb1 Na3 31. Ra1 Nc4 32. Rb1 Qa3 33. Bxc4 dxc4
34. Ke2 Qxa4 35. Qd2 Rh8 36. Rd1 Kb7 37. Kf2 Qa3 38. Qd4 Qb2 39. Qd2 a4 40. Rc1
a3 41. Qd1 Qxc3 42. Qd2 Qxd2+ 43. Bxd2 c5 44. Ra1 Ra8 45. c3 b5 46. Ke3 Ra4 47.
Kf4 b4 48. Bc1 Kc6 49. g4 fxg4 50. fxg4 Ra8 51. g5 Rf8+ 52. Ke3 Rf1 53. Kd2 Kb5
0-1

[Event "9. Copenhagen Open Politiken Cup"]
[Site "Copenhagen"]
[Date "1987.??.??"]
[Round "9"]
[White "Stein, Bernd"]
[Black "Lukacs, Peter"]
[Result "1/2-1/2"]
[WhiteElo "2385"]
[BlackElo "2500"]
[PlyCount "34"]
[EventDate "1987.??.??"]
[EventType "swiss"]
[EventRounds "10"]
[EventCountry "DEN"]
[SourceDate "2004.01.01"]

1. e4 e5 2. Nf3 Nc6 3. Bc4 Bc5 4. c3 Nf6 5. d4 exd4 6. O-O d6 7. cxd4 Bb6 8.
Nc3 O-O 9. Bb3 Bg4 10. Be3 Qc8 11. Kh1 Re8 12. Qd3 Bxf3 13. gxf3 Qh3 14. Qd1
Bxd4 15. Bxd4 Nxd4 16. Qxd4 Qxf3+ 17. Kg1 Qg4+ 1/2-1/2

[Event "9. Copenhagen Open Politiken Cup"]
[Site "Copenhagen"]
[Date "1987.??.??"]
[Round "9"]
[White "Sorensen, Henrik"]
[Black "Hutters, Tomas"]
[Result "1-0"]
[WhiteElo "2250"]
[BlackElo "2335"]
[PlyCount "67"]
[EventDate "1987.??.??"]
[EventType "swiss"]
[EventRounds "10"]
[EventCountry "DEN"]
[SourceDate "2004.01.01"]

1. d4 Nf6 2. c4 g6 3. Nc3 Bg7 4. e4 O-O 5. Bg5 c5 6. d5 h6 7. Be3 d6 8. h3 b5
9. cxb5 a6 10. a4 Qa5 11. Qd2 Nbd7 12. Nf3 axb5 13. Bxb5 Nxe4 14. Nxe4 Qxb5 15.
axb5 Rxa1+ 16. Ke2 Rxh1 17. Bxh6 Nb6 18. Bxg7 Kxg7 19. Nc3 Bd7 20. Qf4 Ra1 21.
Nd4 Re8 22. h4 e5 23. dxe6 Bxe6 24. Qxd6 Na4 25. Nxa4 Bg4+ 26. Kd2 Rd1+ 27. Kc3
Rxd4 28. Qa6 Re2 29. b6 Rd6 30. Nxc5 Re5 31. b4 Re1 32. b7 Rdd1 33. b8=Q Rc1+
34. Kd4 1-0

[Event "9. Copenhagen Open Politiken Cup"]
[Site "Copenhagen"]
[Date "1987.??.??"]
[Round "9"]
[White "Yrjola, Jouni"]
[Black "Van Mil, Johan"]
[Result "1/2-1/2"]
[WhiteElo "2415"]
[BlackElo "2395"]
[PlyCount "51"]
[EventDate "1987.??.??"]
[EventType "swiss"]
[EventRounds "10"]
[EventCountry "DEN"]
[SourceDate "2004.01.01"]

1. d4 Nf6 2. Nf3 g6 3. c4 Bg7 4. Nc3 d5 5. cxd5 Nxd5 6. e4 Nxc3 7. bxc3 c5 8.
Rb1 O-O 9. Be2 cxd4 10. cxd4 Qa5+ 11. Qd2 Qxd2+ 12. Bxd2 e6 13. Bc4 Nd7 14. Bb4
Rd8 15. O-O Nb6 16. Bb5 Bd7 17. Bc5 Na4 18. Bxa4 Bxa4 19. Rxb7 Bc6 20. Rc7 Bxe4
21. Ng5 Bd5 22. Nxf7 Rdc8 23. Rxc8+ Rxc8 24. Nd6 Rd8 25. f3 Bxa2 26. Ra1
1/2-1/2

[Event "9. Copenhagen Open Politiken Cup"]
[Site "Copenhagen"]
[Date "1987.??.??"]
[Round "10"]
[White "Agustsson, Johannes"]
[Black "Hamann, Svend"]
[Result "1-0"]
[WhiteElo "2275"]
[BlackElo "2385"]
[PlyCount "71"]
[EventDate "1987.??.??"]
[EventType "swiss"]
[EventRounds "10"]
[EventCountry "DEN"]
[SourceDate "2004.01.01"]

1. e4 c5 2. Nf3 e6 3. d4 cxd4 4. Nxd4 a6 5. Nc3 d6 6. Bd3 Nc6 7. Be3 Nge7 8.
O-O Nxd4 9. Bxd4 Nc6 10. Be3 b5 11. f4 Be7 12. Qh5 g6 13. Qf3 O-O 14. a4 b4 15.
Ne2 Bb7 16. Nd4 Bf6 17. Qf2 Qe7 18. Rad1 Nxd4 19. Bxd4 e5 20. fxe5 Bxe5 21. b3
a5 22. Be3 Kg7 23. Qd2 Qh4 24. g3 Qh3 25. Rf2 Rfe8 26. Bh6+ Kg8 27. Bc4 d5 28.
exd5 Bd6 29. Rf3 Bc5+ 30. Kh1 Rad8 31. Rdf1 f5 32. Rxf5 Re4 33. Rf7 Rd4 34. Qg5
R4xd5 35. Rg7+ Kh8 36. Rxh7+ 1-0

[Event "9. Copenhagen Open Politiken Cup"]
[Site "Copenhagen"]
[Date "1987.??.??"]
[Round "10"]
[White "Brinck Claussen, Bjorn"]
[Black "Yrjola, Jouni"]
[Result "0-1"]
[WhiteElo "2395"]
[BlackElo "2415"]
[PlyCount "130"]
[EventDate "1987.??.??"]
[EventType "swiss"]
[EventRounds "10"]
[EventCountry "DEN"]
[SourceDate "2004.01.01"]

1. e4 c5 2. Nf3 d6 3. d4 cxd4 4. Nxd4 Nf6 5. Nc3 Nc6 6. Be2 g6 7. Be3 Bg7 8.
O-O O-O 9. Qd2 Bd7 10. f4 Nxd4 11. Bxd4 Bc6 12. Qe3 Qa5 13. a3 Rfe8 14. b4 Qc7
15. Bf3 e5 16. fxe5 dxe5 17. Bxa7 Nd7 18. b5 Qa5 19. Bc5 Bxb5 20. Bb4 Qa6 21.
Nxb5 Qxb5 22. Be2 Qc6 23. Qb3 Nf6 24. Bc4 Qc7 25. Rad1 Rac8 26. Bd5 Nxd5 27.
exd5 Qd7 28. d6 Re6 29. Rd2 e4 30. Kh1 h5 31. c4 b6 32. Re1 f5 33. Rd5 Kh7 34.
Bd2 Rxd6 35. Bf4 Rxd5 36. cxd5 Rc3 37. Qa2 Rd3 38. d6 g5 39. Bxg5 Rxd6 40. Qe2
Kg6 41. Bf4 Rd3 42. h3 Rxa3 43. Qf2 Bd4 44. Qh4 Bf6 45. Qf2 Rb3 46. Rc1 h4 47.
Qa2 Qd5 48. Qa4 e3 49. Qe8+ Qf7 50. Qc6 e2 51. Re1 Qe7 52. Qd5 Rc3 53. Kh2 Qe4
54. Qg8+ Bg7 55. Bd6 Rd3 56. Bf8 Qe5+ 57. Kh1 Rd1 58. Bb4 Kh6 59. Qb3 Rxe1+ 60.
Bxe1 b5 61. Qd3 Bf6 62. Qd2+ Kg6 63. Qa2 Kg7 64. Qd2 Be7 65. Qc1 b4 0-1

[Event "9. Copenhagen Open Politiken Cup"]
[Site "Copenhagen"]
[Date "1987.??.??"]
[Round "10"]
[White "Conquest, Stuart"]
[Black "Douven, Rudy C"]
[Result "1/2-1/2"]
[WhiteElo "2445"]
[BlackElo "2425"]
[PlyCount "105"]
[EventDate "1987.??.??"]
[EventType "swiss"]
[EventRounds "10"]
[EventCountry "DEN"]
[SourceDate "2004.01.01"]

1. d4 Nf6 2. c4 e6 3. g3 Bb4+ 4. Bd2 Be7 5. Bg2 d5 6. Nf3 O-O 7. O-O c6 8. b3
b6 9. Bc3 Bb7 10. Nbd2 c5 11. cxd5 Nxd5 12. Bb2 cxd4 13. Nxd4 Nc6 14. Nxc6 Bxc6
15. Rc1 Rc8 16. Nf3 Bb7 17. Ne5 Rxc1 18. Qxc1 Qc8 19. Qa1 Rd8 20. Re1 Qa8 21.
Bf3 f6 22. Nc4 e5 23. Rd1 Nb4 24. Rxd8+ Bxd8 25. Bxb7 Qxb7 26. a3 Na6 27. Qd1
Be7 28. b4 Qc6 29. Qd3 Nc7 30. e4 Qb5 31. Bc1 Kf8 32. Be3 Ne8 33. Qc2 Qc6 34.
Qd3 Qb5 35. Qb3 Qc6 36. f3 Nd6 37. Nxd6 Qxd6 38. Kg2 Qc6 39. b5 Qd6 40. a4 Qa3
41. Qxa3 Bxa3 42. Kf2 Ke7 43. Ke2 Kd6 44. Kd3 Bc5 45. Bc1 Bg1 46. h3 Bf2 47. g4
g5 48. Kc4 Bc5 49. Bd2 Ke6 50. a5 Kd6 51. Be1 Ke6 52. h4 h6 53. h5 1/2-1/2

[Event "9. Copenhagen Open Politiken Cup"]
[Site "Copenhagen"]
[Date "1987.??.??"]
[Round "10"]
[White "Crawley, Gavin"]
[Black "Berg, Klaus"]
[Result "1/2-1/2"]
[WhiteElo "2345"]
[BlackElo "2365"]
[PlyCount "181"]
[EventDate "1987.??.??"]
[EventType "swiss"]
[EventRounds "10"]
[EventCountry "DEN"]
[SourceDate "2004.01.01"]

1. e4 c6 2. Nc3 d5 3. Nf3 Bg4 4. h3 Bh5 5. exd5 cxd5 6. Bb5+ Nc6 7. g4 Bg6 8.
Ne5 Rc8 9. h4 f6 10. Nxg6 hxg6 11. Ne2 e5 12. c3 a6 13. Ba4 f5 14. gxf5 Rxh4
15. Rg1 gxf5 16. d4 Rg4 17. dxe5 Bc5 18. Rxg4 fxg4 19. Ng3 b5 20. Qxg4 bxa4 21.
Qxg7 Nce7 22. Nh5 Qb6 23. Nf6+ Nxf6 24. exf6 Qe6+ 25. Kf1 Kd7 26. fxe7 Rg8 27.
Qh6 Qf5 28. e8=Q+ Rxe8 29. Bf4 Qd3+ 30. Kg2 Qe4+ 31. Kh2 Re6 32. Qg7+ Re7 33.
Qg4+ Kc6 34. Rd1 Rh7+ 35. Kg3 Bxf2+ 36. Kxf2 Rh2+ 37. Bxh2 Qxg4 38. Rd2 Qf5+
39. Ke2 Qe6+ 40. Kf2 Qf5+ 41. Ke2 Qh5+ 42. Ke1 Qf3 43. Bg1 Qe4+ 44. Kf2 Qf5+
45. Ke2 Qb1 46. Bd4 Qxa2 47. Kd3 Qb1+ 48. Ke3 Qe4+ 49. Kf2 Qh4+ 50. Ke2 a3 51.
bxa3 Qe7+ 52. Kd1 Qxa3 53. Kc2 Qa2+ 54. Kc1 Qa1+ 55. Kc2 a5 56. Kb3 Kb5 57. Ra2
Qd1+ 58. Ka3 Kc4 59. Rb2 Qa1+ 60. Ra2 Qb1 61. Rb2 Qc1 62. Bg7 Qa1+ 63. Ra2 Qe1
64. Bd4 Qe7+ 65. Kb2 Qb7+ 66. Ka1 Qb5 67. Rb2 Qa4+ 68. Kb1 Kd3 69. Rh2 Qd1+ 70.
Ka2 Kc4 71. Rb2 Qa4+ 72. Kb1 Qd1+ 73. Ka2 Qe1 74. Rb1 Qe8 75. Rb2 Qd7 76. Rb6
Qa4+ 77. Kb1 Qa3 78. Rb2 a4 79. Ra2 Qb3+ 80. Rb2 Qa3 81. Ra2 Qb3+ 82. Rb2 Qd1+
83. Ka2 Kd3 84. Rb4 a3 85. Kxa3 Qa1+ 86. Kb3 Kd2 87. Rb5 Qb1+ 88. Ka4 Qa2+ 89.
Kb4 Qc4+ 90. Ka5 Qc7+ 91. Kb4 1/2-1/2

[Event "9. Copenhagen Open Politiken Cup"]
[Site "Copenhagen"]
[Date "1987.??.??"]
[Round "10"]
[White "Danielsen, Henrik"]
[Black "Sorensen, Henrik"]
[Result "1-0"]
[WhiteElo "2405"]
[BlackElo "2250"]
[PlyCount "57"]
[EventDate "1987.??.??"]
[EventType "swiss"]
[EventRounds "10"]
[EventCountry "DEN"]
[SourceDate "2004.01.01"]

1. d4 Nf6 2. Nf3 e6 3. c4 d5 4. Bg5 c5 5. cxd5 exd5 6. Nc3 Be6 7. e3 Nbd7 8.
Bb5 cxd4 9. Nxd4 Be7 10. O-O O-O 11. Rc1 Nc5 12. Bxf6 Bxf6 13. b4 Nd7 14. Nxe6
fxe6 15. Qg4 Re8 16. Nxd5 exd5 17. Bxd7 Re4 18. Qf5 Re5 19. Qh3 Qb6 20. Rc5 Rd8
21. Rb5 Qa6 22. f4 Re4 23. Rxd5 Qb6 24. Rd3 Rxb4 25. Be6+ Kf8 26. Bd5 h6 27.
Qh5 Rd7 28. Bb3 Re7 29. Qd5 1-0

[Event "9. Copenhagen Open Politiken Cup"]
[Site "Copenhagen"]
[Date "1987.??.??"]
[Round "10"]
[White "Fries Nielsen, Jens Ove"]
[Black "Stein, Bernd"]
[Result "0-1"]
[WhiteElo "2350"]
[BlackElo "2385"]
[PlyCount "50"]
[EventDate "1987.??.??"]
[EventType "swiss"]
[EventRounds "10"]
[EventCountry "DEN"]
[SourceDate "2004.01.01"]

1. Nf3 c5 2. e4 e6 3. d3 d6 4. g3 b6 5. Bg2 Bb7 6. O-O Nf6 7. Nbd2 Be7 8. a3
Nbd7 9. Ng5 Qc7 10. f4 O-O 11. g4 h6 12. Nh3 Nh7 13. f5 d5 14. Qe2 Bd6 15. Nf3
dxe4 16. dxe4 exf5 17. exf5 Rae8 18. Qf2 Re4 19. g5 hxg5 20. Bxg5 Rg4 21. Bd2
Bxh2+ 22. Kh1 Ndf6 23. Be1 Re8 24. Rd1 Nh5 25. Qd2 N7f6 0-1

[Event "9. Copenhagen Open Politiken Cup"]
[Site "Copenhagen"]
[Date "1987.??.??"]
[Round "10"]
[White "Grooten, Herman"]
[Black "Kristensen, Kaare Hove"]
[Result "1-0"]
[WhiteElo "2340"]
[BlackElo "2330"]
[PlyCount "67"]
[EventDate "1987.??.??"]
[EventType "swiss"]
[EventRounds "10"]
[EventCountry "DEN"]
[SourceDate "2004.01.01"]

1. d4 Nf6 2. Nf3 e6 3. c4 a6 4. Bg5 h6 5. Bxf6 Qxf6 6. Nc3 Bb4 7. Qb3 Nc6 8. a3
Bxc3+ 9. Qxc3 d6 10. e3 O-O 11. Be2 e5 12. d5 Ne7 13. h3 Bd7 14. O-O-O c6 15.
Kb1 Rfc8 16. Qb4 e4 17. Nh2 cxd5 18. cxd5 a5 19. Qb6 Qxf2 20. Qxd6 Qxe2 21.
Qxd7 Rc2 22. Qxb7 Rd8 23. Ng4 Rd7 24. Qb3 Rc5 25. d6 Rb5 26. dxe7 Rxb3 27.
e8=Q+ Kh7 28. Qxe4+ g6 29. Qc2 Rxb2+ 30. Kxb2 Rb7+ 31. Kc1 Qb5 32. Rd5 Qb6 33.
Rf1 Rc7 34. Nf6+ 1-0

[Event "9. Copenhagen Open Politiken Cup"]
[Site "Copenhagen"]
[Date "1987.??.??"]
[Round "10"]
[White "Horvath, Gyula"]
[Black "Hoi, Carsten"]
[Result "1-0"]
[WhiteElo "2435"]
[BlackElo "2355"]
[PlyCount "49"]
[EventDate "1987.??.??"]
[EventType "swiss"]
[EventRounds "10"]
[EventCountry "DEN"]
[SourceDate "2004.01.01"]

1. Nf3 g6 2. c4 Bg7 3. Nc3 d6 4. d4 Nc6 5. d5 Ne5 6. Nxe5 Bxe5 7. e4 Bg7 8. Be3
Nf6 9. Be2 O-O 10. g4 c5 11. g5 Nh5 12. Qd2 a6 13. a4 Bd7 14. Ra3 Rb8 15. f4
Qa5 16. f5 Be5 17. Bxh5 gxh5 18. O-O Qb4 19. Qe2 b5 20. axb5 axb5 21. Ra7 Rfd8
22. Qxh5 Be8 23. f6 Bxc3 24. Qh6 exf6 25. bxc3 1-0

[Event "9. Copenhagen Open Politiken Cup"]
[Site "Copenhagen"]
[Date "1987.??.??"]
[Round "10"]
[White "Horvath, Tamas"]
[Black "Hazai, Laszlo"]
[Result "1/2-1/2"]
[WhiteElo "2395"]
[BlackElo "2465"]
[PlyCount "27"]
[EventDate "1987.??.??"]
[EventType "swiss"]
[EventRounds "10"]
[EventCountry "DEN"]
[SourceDate "2004.01.01"]

1. e4 e5 2. Nf3 Nc6 3. Bb5 a6 4. Ba4 Nf6 5. O-O Be7 6. Bxc6 dxc6 7. Nc3 Nd7 8.
d4 exd4 9. Qxd4 O-O 10. Bf4 Nc5 11. Qe3 Ne6 12. Rad1 Qe8 13. Bg3 Bc5 14. Qe2
1/2-1/2

[Event "9. Copenhagen Open Politiken Cup"]
[Site "Copenhagen"]
[Date "1987.??.??"]
[Round "10"]
[White "Jacobsen, Bo"]
[Black "Plachetka, Jan"]
[Result "0-1"]
[WhiteElo "2285"]
[BlackElo "2435"]
[PlyCount "48"]
[EventDate "1987.??.??"]
[EventType "swiss"]
[EventRounds "10"]
[EventCountry "DEN"]
[SourceDate "2004.01.01"]

1. c4 g6 2. g3 Bg7 3. Bg2 Nf6 4. Nc3 O-O 5. d4 c6 6. e4 d6 7. Nf3 Qa5 8. Bd2 e5
9. b4 Qc7 10. O-O exd4 11. Nxd4 Bg4 12. Qc2 a5 13. bxa5 Rxa5 14. h3 Bc8 15.
Rad1 Rh5 16. g4 Nxg4 17. hxg4 Bxg4 18. Nde2 Nd7 19. Rc1 Ne5 20. Ng3 Rh3 21.
Bxh3 Bxh3 22. Rfd1 Nf3+ 23. Kh1 Qe7 24. Qd3 Qh4 0-1

[Event "9. Copenhagen Open Politiken Cup"]
[Site "Copenhagen"]
[Date "1987.??.??"]
[Round "10"]
[White "Jakobsen, Ole"]
[Black "Nielsen, Jorgen G"]
[Result "1-0"]
[WhiteElo "2400"]
[BlackElo "2245"]
[PlyCount "125"]
[EventDate "1987.??.??"]
[EventType "swiss"]
[EventRounds "10"]
[EventCountry "DEN"]
[SourceDate "2004.01.01"]

1. d4 f5 2. g3 Nf6 3. Bg2 d6 4. Nc3 c6 5. e4 Qa5 6. Bd2 e5 7. Nge2 Qb6 8. Be3
Ng4 9. Bc1 fxe4 10. Nxe4 d5 11. h3 Nf6 12. Nxf6+ gxf6 13. O-O Bf5 14. b3 Nd7
15. Be3 Qc7 16. c4 dxc4 17. bxc4 O-O-O 18. d5 c5 19. Nc3 Qa5 20. Ne4 Nb6 21.
Qb3 Qa6 22. Rfc1 Bxe4 23. Bxe4 Kb8 24. Bf5 Nc8 25. Be6 Rd6 26. Bxc5 Rxe6 27.
Bxf8 Rb6 28. Bb4 f5 29. c5 Rg6 30. Qe3 Re8 31. Bc3 Ka8 32. Bxe5 Ne7 33. Bf4
Rgg8 34. Re1 Qa4 35. Qd2 Ng6 36. Rxe8+ Rxe8 37. d6 Nxf4 38. Qxf4 Qxf4 39. gxf4
Kb8 40. Rd1 Rd8 41. Rd5 Kc8 42. Rxf5 b6 43. cxb6 axb6 44. Rd5 Kd7 45. Kg2 Ra8
46. Rd2 Ra3 47. f3 Ra8 48. Kg3 Rg8+ 49. Kh4 Rf8 50. Rd4 b5 51. Kh5 Ra8 52. Rd2
Rf8 53. Kg5 Rg8+ 54. Kh6 Rg3 55. Kxh7 Rxh3+ 56. Kg6 Rxf3 57. f5 Rg3+ 58. Kf7 b4
59. f6 b3 60. axb3 Rxb3 61. Rg2 Rb7 62. Kg8 Rb8+ 63. Kg7 1-0

[Event "9. Copenhagen Open Politiken Cup"]
[Site "Copenhagen"]
[Date "1987.??.??"]
[Round "10"]
[White "Jansa, Vlastimil"]
[Black "Becx, Cesar"]
[Result "1-0"]
[WhiteElo "2465"]
[BlackElo "2295"]
[PlyCount "97"]
[EventDate "1987.??.??"]
[EventType "swiss"]
[EventRounds "10"]
[EventCountry "DEN"]
[SourceDate "2004.01.01"]

1. e4 e5 2. Nf3 Nc6 3. Bb5 f5 4. Nc3 fxe4 5. Nxe4 d5 6. Nxe5 dxe4 7. Nxc6 Qd5
8. c4 Qd6 9. Nxa7+ Bd7 10. Qh5+ g6 11. Bxd7+ Qxd7 12. Qe5+ Kf7 13. Nb5 c6 14.
Qd4 Rd8 15. Qxd7+ Rxd7 16. Nc3 Nf6 17. b3 Bc5 18. Na4 Bd4 19. Bb2 b5 20. Bxd4
Rxd4 21. cxb5 cxb5 22. Nc3 b4 23. Ne2 Rd7 24. Rc1 Rc8 25. Rc2 Kg8 26. Ng3 h5
27. f3 exf3 28. gxf3 Re8+ 29. Kf2 h4 30. Ne2 Rf7 31. Rg1 Kh7 32. d3 Ref8 33.
Rc4 Nh5 34. f4 Ra8 35. Ra1 g5 36. Rxb4 gxf4 37. Rb5 Kh6 38. Rb6+ Kh7 39. Rb5
Kh6 40. Nd4 Nf6 41. Nf5+ Kh7 42. Kf3 Rd8 43. d4 Nd5 44. Nxh4 Rf6 45. Rg1 Rd7
46. Rg5 Nc3 47. Rh5+ Rh6 48. Rxh6+ Kxh6 49. Ra5 1-0

[Event "9. Copenhagen Open Politiken Cup"]
[Site "Copenhagen"]
[Date "1987.??.??"]
[Round "10"]
[White "Karlsson, Lars"]
[Black "Van Mil, Johan"]
[Result "1/2-1/2"]
[WhiteElo "2480"]
[BlackElo "2395"]
[PlyCount "171"]
[EventDate "1987.??.??"]
[EventType "swiss"]
[EventRounds "10"]
[EventCountry "DEN"]
[SourceDate "2004.01.01"]

1. c4 f5 2. d4 Nf6 3. g3 g6 4. Bg2 Bg7 5. Nf3 O-O 6. O-O d6 7. Nc3 Qe8 8. b3 e5
9. dxe5 dxe5 10. Ba3 Rf7 11. Qc2 Nc6 12. Rad1 e4 13. Ng5 Rd7 14. Rxd7 Bxd7 15.
Nh3 Nd4 16. Qd2 Ne6 17. Nd5 Bc6 18. Nhf4 Rd8 19. Be7 Nxd5 20. Nxe6 Rd7 21. cxd5
Qxe7 22. Nxc7 Rxc7 23. dxc6 Rxc6 24. Rd1 Bf6 25. e3 Kg7 26. Bf1 Rc7 27. Qa5 b6
28. Qa4 Kf8 29. Bc4 Kg7 30. Kg2 h5 31. Qb5 Rc5 32. Qd7 Rc7 33. Qd5 Rc8 34. Qb5
Rd8 35. Rd5 Rxd5 36. Qxd5 Kh6 37. h3 Qe5 38. Qd7 Qe7 39. Qc6 Be5 40. a4 Bd6 41.
Qc8 Be5 42. Be6 Bg7 43. Qc6 Qf6 44. b4 Qe5 45. h4 Bf8 46. b5 Qd6 47. Qe8 Bg7
48. Bb3 Bf6 49. Bf7 Qd1 50. Qf8+ Bg7 51. Qe7 Qf3+ 52. Kg1 Qg4 53. Qd7 Qe2 54.
Qd6 Qg4 55. Bc4 Kh7 56. Qd7 Kh6 57. Qd2 f4 58. exf4 Kh7 59. Qe3 Qd1+ 60. Kg2
Qd4 61. Qe2 Bh6 62. Bf7 Qd3 63. Qxd3 exd3 64. f5 gxf5 65. Bxh5 Bd2 66. Bf7 Be1
67. Bc4 d2 68. Bb3 Kg6 69. f4 Kh6 70. Bc2 Kg7 71. Bd1 Kg6 72. h5+ Kg7 73. Kf3
Kf6 74. Bc2 Kg7 75. g4 fxg4+ 76. Kxg4 Kf6 77. Kf3 Bh4 78. Kg4 Bf2 79. f5 Be3
80. Kf3 Bh6 81. Ke4 Bg7 82. Kd5 d1=Q+ 83. Bxd1 Kxf5 84. Kc6 Kg5 85. Kb7 Bc3 86.
Kxa7 1/2-1/2

[Event "9. Copenhagen Open Politiken Cup"]
[Site "Copenhagen"]
[Date "1987.??.??"]
[Round "10"]
[White "Mortensen, Erling"]
[Black "Pavlovic, Milos"]
[Result "0-1"]
[WhiteElo "2440"]
[BlackElo "2350"]
[PlyCount "98"]
[EventDate "1987.??.??"]
[EventType "swiss"]
[EventRounds "10"]
[EventCountry "DEN"]
[SourceDate "2004.01.01"]

1. f4 d5 2. Nf3 Bg4 3. Ne5 Bh5 4. g3 Nd7 5. Bg2 e6 6. d4 Ngf6 7. c4 c6 8. Nc3
Be7 9. O-O O-O 10. Kh1 Nxe5 11. fxe5 Nd7 12. Qb3 Rb8 13. Bf4 Bg6 14. cxd5 cxd5
15. a4 Qb6 16. Qxb6 Nxb6 17. Rfc1 a6 18. a5 Nc4 19. e4 dxe4 20. Nxe4 Nxb2 21.
Nd6 Nd3 22. Rc7 Bxd6 23. exd6 Nxf4 24. gxf4 Rfd8 25. d7 Bd3 26. Rac1 Bb5 27.
Rxb7 Bxd7 28. Ra7 Bb5 29. Rcc7 Rxd4 30. Rxf7 Rd1+ 31. Bf1 Bc6+ 32. Kg1 Rbb1 33.
Rxg7+ Kf8 34. Kf2 Rxf1+ 35. Ke3 Rf3+ 36. Kd4 Rxf4+ 37. Ke5 Rbf1 38. Rxh7 Rf7
39. Rhxf7+ Rxf7 40. Rxa6 Bd5 41. Rb6 Rf2 42. h4 Kg7 43. a6 Re2+ 44. Kd6 Kg6 45.
Kc7 Rc2+ 46. Kb8 Rc6 47. Rxc6 Bxc6 48. Kc7 Ba8 49. h5+ Kf6 0-1

[Event "9. Copenhagen Open Politiken Cup"]
[Site "Copenhagen"]
[Date "1987.??.??"]
[Round "10"]
[White "Nilsson, Nils Specht"]
[Black "Rodgaard, John"]
[Result "0-1"]
[WhiteElo "2230"]
[BlackElo "2370"]
[PlyCount "68"]
[EventDate "1987.??.??"]
[EventType "swiss"]
[EventRounds "10"]
[EventCountry "DEN"]
[SourceDate "2004.01.01"]

1. c4 e6 2. g3 d5 3. Bg2 dxc4 4. Qa4+ Nd7 5. Nf3 Ngf6 6. Ne5 c5 7. Nxd7 Qxd7 8.
Qxd7+ Nxd7 9. Na3 Nb6 10. e3 e5 11. Nb5 Kd8 12. a4 a5 13. O-O Rb8 14. Rd1 Bg4
15. f3 Bd7 16. d3 cxd3 17. Rxd3 c4 18. Rd1 Bb4 19. Bd2 Bxd2 20. Rxd2 Ke7 21. f4
Rhd8 22. fxe5 Bxb5 23. Rxd8 Rxd8 24. axb5 a4 25. Bxb7 Rd2 26. Rb1 Ke6 27. h4
Kxe5 28. Kf1 c3 29. bxc3 a3 30. Bf3 a2 31. Ra1 Rb2 32. Bd1 Ke4 33. Ke1 Kxe3 34.
Kf1 f5 0-1